000 00233nam a2200097Ia 4500
005 20251222114413.0
008 251222s1900||||xx |||||||||||||| ||spa||
082 _aDVD0195/U61T/2001
245 0 _aTendencias de la Bioética:
942 _cDVD
999 _c2106
_d2106